<?xml version="1.0" encoding="UTF-8"?>
<marc:record xmlns:marc="http://www.loc.gov/MARC21/slim">
   <marc:leader>00000nam a2200000 a 4500</marc:leader>
   <marc:datafield ind1="1" ind2=" " tag="100">
      <marc:subfield code="a">Phillips, Susan Elizabeth</marc:subfield>
      <marc:subfield code="4">aut</marc:subfield>
      <marc:subfield code="e">Verfasser/-in</marc:subfield>
   </marc:datafield>
   <marc:datafield ind1=" " ind2=" " tag="653">
      <marc:subfield code="a">Sexy</marc:subfield>
   </marc:datafield>
   <marc:datafield ind1=" " ind2=" " tag="653">
      <marc:subfield code="a">witziger Frauenroman</marc:subfield>
   </marc:datafield>
   <marc:datafield ind1="0" ind2="0" tag="245">
      <marc:subfield code="a">Frühstück im Bett</marc:subfield>
   </marc:datafield>
   <marc:datafield ind1="0" ind2="0" tag="245">
      <marc:subfield code="b">Roman</marc:subfield>
   </marc:datafield>
   <marc:datafield ind1="0" ind2="0" tag="245">
      <marc:subfield code="c">Susan Elizabeth Phillips. Aus dem Amerikan. von Eva Malsch</marc:subfield>
   </marc:datafield>
   <marc:datafield ind1=" " ind2="1" tag="264">
      <marc:subfield code="a">Stuttgart</marc:subfield>
      <marc:subfield code="b">Goldmann</marc:subfield>
      <marc:subfield code="c">2004</marc:subfield>
   </marc:datafield>
   <marc:datafield ind1="1" ind2=" " tag="490">
      <marc:subfield code="a">Goldmann</marc:subfield>
      <marc:subfield code="v">35830 : Blanvalet</marc:subfield>
   </marc:datafield>
   <marc:datafield ind1=" " ind2=" " tag="250">
      <marc:subfield code="a">1. Aufl., Taschenbuchausg.</marc:subfield>
   </marc:datafield>
   <marc:datafield ind1="1" ind2=" " tag="520">
      <marc:subfield code="a">Nie wieder Liebe, nie wieder Ehe! In fünfzehn Jahren und drei Ehen hat Sugar Beth Carey ihre Lektion gelernt: Wenn sie sich verliebt, dann bricht nur ihr Herz. Nach all dem Pech braucht sie keine Männer mehr in ihrem Leben, sondern Geld für die Pflege ihrer Stieftochter. Allerdings hat Sugar Beth nicht damit gerechnet, dass der attraktive Schriftsteller Colin Byrne in das Haus ihrer Tante gezogen ist, in dem ihr einziges wertvolles Erbstück versteckt ist. Plötzlich gerät ihr Herz ganz schön in Aufruhr: Denn dass Colin allen Grund hat, sie zu hassen, das weiß sie. Auch dass sie beide eine heiße Affäre haben, findet sie ganz in Ordnung. Warum um Himmels willen will dieser Mann sie aber gleich heiraten?</marc:subfield>
   </marc:datafield>
   <marc:datafield ind1=" " ind2=" " tag="020">
      <marc:subfield code="a">9783442358304</marc:subfield>
      <marc:subfield code="9">9783442358304</marc:subfield>
   </marc:datafield>
   <marc:datafield ind1=" " ind2=" " tag="041">
      <marc:subfield code="a">ger</marc:subfield>
   </marc:datafield>
   <marc:datafield ind1=" " ind2=" " tag="300">
      <marc:subfield code="a">431 S.</marc:subfield>
   </marc:datafield>
</marc:record>
